000
00328nam a2200133Ia 4500
005
20251222141901.0
008
251222s9999||||xx |||||||||||||| ||spa||
020
_a
0-521-28294-2
082
_a
421/M95
100
_a
Munby, John
245
0
_a
Communicative Syllabus Design:
264
_b
Cambridge University Press
942
_c
LIB
999
_c
8055
_d
8055